ბათუმის შოთა რუსთაველის სახელმწიფო უნივერსიტეტის ბიბლიოთეკა

Open Mind : (ბიბ.ჩანაწერი № 58020)

000 -LEADER
fixed length control field 00529nam a22001817a 4500
005 - DATE AND TIME OF LATEST TRANSACTION
control field 20210513150911.0
008 - FIXED-LENGTH DATA ELEMENTS--GENERAL INFORMATION
fixed length control field 210513s2018 enk||||| |||| 00| 0 eng d
020 ## - INTERNATIONAL STANDARD BOOK NUMBER
International Standard Book Number 9780230458154
041 ## - LANGUAGE CODE
Language code of text/sound track or separate title eng
080 ## - UNIVERSAL DECIMAL CLASSIFICATION NUMBER
Universal Decimal Classification number 811.111.1 O-63
245 ## - TITLE STATEMENT
Title Open Mind :
Remainder of title Beginner Student's book. A1 /
Statement of responsibility, etc. Dorothy Zemach.
264 ## - PRODUCTION, PUBLICATION, DISTRIBUTION, MANUFACTURE, AND COPYRIGHT NOTICE
Place of production, publication, distribution, manufacture London:
Name of producer, publisher, distributor, manufacturer Macmillan,
Date of production, publication, distribution, manufacture, or copyright notice 2018.
300 ## - PHYSICAL DESCRIPTION
Extent 87 p.
Other physical details 30 cm.
653 ## - INDEX TERM--UNCONTROLLED
keyword ინგლისური ენა
653 ## - INDEX TERM--UNCONTROLLED
keyword გრამატიკა
700 ## - ADDED ENTRY--PERSONAL NAME
Personal name Zemach, Dorothy
9 (RLIN) 11780
942 ## - ADDED ENTRY ELEMENTS (KOHA)
Source of classification or shelving scheme
Koha item type წიგნი
ეგზემპლარები
Withdrawn status Lost status Source of classification or shelving scheme Damaged status Not for loan Permanent Location Current Location Shelving location Date acquired Cost, normal purchase price Full call number Barcode Date last seen Copy number Price effective from Koha item type Public note
          ბათუმის შოთა რუსთაველის სახელმწიფო უნივერსიტეტის მთავარი ბიბლიოთეკა ბათუმის შოთა რუსთაველის სახელმწიფო უნივერსიტეტის მთავარი ბიბლიოთეკა წიგნსაცავი 2021-05-13 15.00 811.111.1 O-63 61319 2021-05-13 61319 2021-05-13 წიგნი 15.00